|
|
|
|
| LEADER |
00000nab a2200000 a 4500 |
| 001 |
vtls000243640 |
| 003 |
SK-MaSNL |
| 005 |
20260304225437.0 |
| 008 |
250422c1986 xo 0 slo |
| 015 |
|
|
|a SNBRB19rr/mm-uuuuu
|
| 035 |
|
|
|a CL0253754
|
| 035 |
|
|
|a urn:nbn:sk:snk-abbfl3
|
| 035 |
|
|
|a (urnnbn)urn:nbn:sk:snk:ar-006ecr
|
| 035 |
|
|
|a (uuid)ff144769-2b5e-419f-9264-e1df275d19a7
|
| 040 |
|
|
|a SNKBUCL
|b slo
|c SNKBUCL
|e AACR2
|
| 041 |
0 |
|
|a slo
|
| 044 |
|
|
|a xo
|c SK
|
| 080 |
|
|
|a 504.064.43
|2 1981
|
| 100 |
1 |
|
|a Janovský, Mikuláš
|4 aut
|9 784914
|
| 245 |
1 |
0 |
|a Spoločenské aspekty bezodpadových technológií
|c Mikuláš Janovský
|
| 300 |
|
|
|b Res. rus., angl., nem., lit. 6 zázn. v slov., ruš.
|
| 650 |
0 |
7 |
|a životné prostredie
|2 snkbucl
|9 786
|
| 650 |
0 |
7 |
|a bezodpadové technológie
|2 snkbucl
|9 86443
|
| 655 |
|
7 |
|a články z novín a časopisov
|2 snkbucl
|9 267496
|
| 773 |
0 |
|
|t Životné prostredie
|g Roč. 20, č. 1 (1986), s. 42-45
|
| 850 |
|
|
|a Slovenská národná knižnica
|
| 852 |
|
|
|a Slovenská národná knižnica
|
| 954 |
|
|
|a odborná, vedecká literatúra pôvodná (slovenská)
|2 lita
|
| 958 |
|
|
|a article15
|
| 958 |
|
|
|a NB
|
| 958 |
|
|
|a RK
|
| 958 |
|
|
|a OND
|
| 958 |
|
|
|a EUIPO
|
| 992 |
|
|
|a RBX
|
| 999 |
|
|
|c 3177598
|d 3179528
|